<A> hazai gazdaság négy évtizedének története 1945-1985 Rész 1. Az újjáépítés és a tervutasításos irányítás idöszaka 1945-1968
Salvato in:
| Autore principale: | |
|---|---|
| Altri autori: | |
| Natura: | Libro |
| Lingua: | ungherese |
| Pubblicazione: |
Budapest
Közgazdasági és Jogi Könyvkiadó
1985
|
| Edizione: | 1. kiadás. |
| Tags: |
Nessun Tag, puoi essere il primo ad aggiungerne!!
|
MARC
| LEADER | 00000nam a2200000 4500 | ||
|---|---|---|---|
| 001 | c022362 | ||
| 005 | 20221220081815.9 | ||
| 041 | 0 | |a hun | |
| 044 | |a HU | ||
| 245 | 1 | 0 | |a <A> hazai gazdaság négy évtizedének története 1945-1985 |b Rész 1. Az újjáépítés és a tervutasításos irányítás idöszaka 1945-1968 |c Iván Petö, Sándor Szakács |
| 250 | |a 1. kiadás. | ||
| 264 | 1 | |a Budapest |b Közgazdasági és Jogi Könyvkiadó |c 1985 | |
| 300 | |a 764 s. | ||
| 100 | 1 | |a Petö, Iván | |
| 700 | 1 | |a Szakács, Sándor | |